Ganadores de la Conference League - Estadísticas

Estadísticas generales
  • Esta prueba ha sido intentada 11 veces
  • La puntuación promedio es 4 de 5
Estadísticas de respuestas
Hint Respuesta % Correcto
2026 Crystal Palace
100%
2023 West Ham
80%
2025 Chelsea
70%
2022 Roma
70%
2024 Olympiakos
50%
No se encontraron pruebas coincidentes
Distribución de puntuación
Porcentaje de gente con cada puntuación
Porcentaje por número respondido
Historial de tus puntuaciones
No has intentado esta prueba.